Readings in Bangladesh development. Volume l /

書誌詳細
その他の著者: Murshid, K. A. S., Mahmud, Minhaj, Iqbal, Kazi
フォーマット: 図書
言語:English
出版事項: Dhaka, Bangladesh : Bangladesh Institute of Development Studies (BIDS), 2021.
主題:
Classic Catalogue: View this record in Classic Catalogue
LEADER 02502nam a22003377a 4500
001 37620
003 BD-DhAAL
005 20251120104122.0
008 211230t2021 bg a|||| b||| 00| 0 eng d
020 |a 9789849491729 
040 |a BD-DhAAL  |c BD-DhAAL 
082 |a 338.95492  |2 23 
245 |a Readings in Bangladesh development.  |n Volume l /  |c edited by K. A. S. Murshid, Minhaj Mahmud, Kazi Iqbal. 
260 |a Dhaka, Bangladesh :  |b Bangladesh Institute of Development Studies (BIDS),  |c 2021. 
300 |a lv, 844 pages :  |b illustrations ;  |c 23 cm 
362 |a Vol. 1 
500 |a Commemorating the Bangabandhu Birth Centenary. 
504 |a Includes bibliographical references. 
541 |a Complimentary copy from Bangladesh Institute of Development Studies ; Donated By Akbar Ali Khan (38474) ; Complimentary copy from Dr. Salehuddin, Professor, BRAC Business School, BRAC University (41514) ; Donated by Dr. Mustafa Rafat Zaman, Assistant Professor, Department of Economics and Social Sciences (ESS), BRAC University (44599)  |e 37620, 38474, 41514, 44599 
651 |a Bangladesh  |x Economic policy.  |9 43844 
651 |a Bangladesh  |x Economic development.  |9 59066 
700 |a Murshid, K. A. S.  |9 43845 
700 |a Mahmud, Minhaj.  |9 43846 
700 |a Iqbal, Kazi.  |9 43847 
852 |a Ayesha Abed Library  |c General Stacks 
942 |2 ddc  |c BK 
999 |c 43381  |d 43381 
952 |0 0  |1 0  |2 ddc  |4 0  |6 338_954920000000000_REA  |7 0  |9 69638  |a BRACUL  |b BRACUL  |c GEN  |d 2021-12-30  |e Complimentary copy from Bangladesh Institute of Development Studies.  |l 2  |m 29  |o 338.95492 REA  |p 3010037620  |q 2025-11-10  |r 2025-03-12  |s 2025-03-12  |t 1  |w 2021-12-30  |y BK 
952 |0 0  |1 0  |2 ddc  |4 0  |6 338_954920000000000_REA  |7 1  |9 70543  |a BRACUL  |b BRACUL  |c CS1  |d 2022-04-21  |e Donated by Akbar Ali Khan  |l 0  |o 338.95492 REA  |p 3010038474  |r 2022-04-21  |t 2  |w 2022-04-21  |y BK 
952 |0 0  |1 0  |2 ddc  |4 0  |6 338_954920000000000_REA  |7 0  |9 74145  |a BRACUL  |b BRACUL  |c GEN  |d 2023-07-31  |e Complimentary copy from Dr. Salehuddin, BBS, BRAC University.  |g 1000.00  |l 1  |m 5  |o 338.95492 REA  |p 3010041513  |r 2024-09-02  |s 2024-07-12  |t 3  |w 2023-07-31  |y BK  |x Price available in book. 
952 |0 0  |1 0  |2 ddc  |4 0  |6 338_954920000000000_REA  |7 0  |9 78019  |a BRACUL  |b BRACUL  |c GEN  |d 2025-08-14  |e Donated by Dr. Mustafa Rafat Zaman, Assistant Professor, Department of Economics and Social Sciences (ESS), BRAC University  |g 1000.00  |l 0  |o 338.95492 REA  |p 3010044599  |r 2025-08-14  |t 4  |v 2000.00  |w 2025-08-14  |y BK  |x Donated by Dr. Mustafa Rafat Zaman, Assistant Professor, Department of Economics and Social Sciences (ESS), BRAC University